| 000 | 00439nam a22001697a 4500 | ||
|---|---|---|---|
| 005 | 20240108131932.0 | ||
| 008 | 190527b xxu||||| |||| 00| 0 eng d | ||
| 020 | _a978-81-85790-20-6 | ||
| 041 | _aeng | ||
| 100 |
_aKASTURE,DR.A.V,AND WADOKDKAR,DR. S.G _98309 |
||
| 245 | _aPHARMACEUTICAL CHEMISTRY-II | ||
| 250 | _a21ST , ED. 2019 | ||
| 260 |
_aPUNE _bNIRALI PRAKASHAN |
||
| 300 | _a373p, | ||
| 650 |
_aPHARMACY _xB.PHARMA |
||
| 942 | _cBK | ||
| 999 |
_c5851 _d5849 |
||